The fundamentals of signal transmission : (Record no. 182792)

000 -LEADER
fixed length control field 01253 a2200277 4500
003 - CONTROL NUMBER IDENTIFIER
control field Nust
005 - DATE AND TIME OF LATEST TRANSACTION
control field 20221213112259.0
010 ## - LIBRARY OF CONGRESS CONTROL NUMBER
LC control number 00456279
020 ## - INTERNATIONAL STANDARD BOOK NUMBER
International Standard Book Number 0340705760 (pbk.)
035 ## - SYSTEM CONTROL NUMBER
System control number (CStRLIN)MIUGBAQ8284-B
035 ## - SYSTEM CONTROL NUMBER
System control number (III)iiio3200333x
035 ## - SYSTEM CONTROL NUMBER
System control number (MiU)notisBAQ8284
035 ## - SYSTEM CONTROL NUMBER
System control number (OCoLC)41354084
040 ## - CATALOGING SOURCE
Transcribing agency Nust
082 00 - DEWEY DECIMAL CLASSIFICATION NUMBER
Classification number 621.3822,IBB
100 1# - MAIN ENTRY--PERSONAL NAME
Personal name Ibbotson, L.
9 (RLIN) 104705
245 14 - TITLE STATEMENT
Title The fundamentals of signal transmission :
Remainder of title in line, waveguide, fibre, and free space /
Statement of responsibility, etc. Lem Ibbotson.
260 ## - PUBLICATION, DISTRIBUTION, ETC.
Place of publication, distribution, etc. London :
Name of publisher, distributor, etc. Arnold,
Date of publication, distribution, etc. 1999.
300 ## - PHYSICAL DESCRIPTION
Extent viii, 152 p. :
Other physical details ill. ;
Dimensions 25 cm.
505 ## - FORMATTED CONTENTS NOTE
Formatted contents note Signals and Waves (Page-1), Twin-Wire Transmission Line (Page-8), Electromagnetic Waves (Page-36), Coaxical Line, Strip Line and Wave Guides (Page-46), Optical Fibre (Page-58), Free Space (Page-76), Further Insights using the Smith Chart (Page-96), Solutions to Problems. (Page-140).
650 #0 - SUBJECT ADDED ENTRY--TOPICAL TERM
Topical term or geographic name entry element Signal theory (Telecommunication)
General subdivision Mathematics.
9 (RLIN) 104706
650 #0 - SUBJECT ADDED ENTRY--TOPICAL TERM
Topical term or geographic name entry element Telecommunication Engineering
General subdivision Mathematical models.
9 (RLIN) 99444
856 41 - ELECTRONIC LOCATION AND ACCESS
Materials specified Publisher description
Uniform Resource Identifier <a href="http://www.loc.gov/catdir/description/els031/00456279.html">http://www.loc.gov/catdir/description/els031/00456279.html</a>
856 41 - ELECTRONIC LOCATION AND ACCESS
Materials specified Table of contents
Uniform Resource Identifier <a href="http://www.loc.gov/catdir/toc/els051/00456279.html">http://www.loc.gov/catdir/toc/els051/00456279.html</a>
942 ## - ADDED ENTRY ELEMENTS (KOHA)
Source of classification or shelving scheme
Koha item type Book
Holdings
Withdrawn status Lost status Source of classification or shelving scheme Damaged status Not for loan Permanent Location Current Location Shelving location Date acquired Full call number Barcode Date last seen Price effective from Koha item type Public note
          Military College of Signals (MCS) Military College of Signals (MCS) General Stacks 12/12/2016 621.3822,IBB MCS26947 12/08/2016 12/12/2016 Book Almirah No.36, Shelf No.3
© 2023 Central Library, National University of Sciences and Technology. All Rights Reserved.